Lengua y literatura 3 /

Guardado en:
Autor Principal: Kovacci, Ofelia
Formato: Libro
Publicado: Argentina : Huemul, 1982
Materias:
Etiquetas: Agregar Etiqueta
Sin Etiquetas, Sea el primero en etiquetar este registro!
LEADER 00843nam a22002175a 4500
001 CEM.cems003615
005 19000101000000.0
008 130507s1982##################000#0#####d
003 CEMS
082 0 4 |a 468 
100 1 |a Kovacci, Ofelia 
245 1 0 |a Lengua y literatura 3 / 
260 |a Argentina :  |b Huemul,  |c 1982 
300 |a 317 p. 
505 0 |a Los contenidos están distribuidos en unidades cuya organización es la siguiente: Comunicación y lenguaje; Literatura; Vocabulario; Expresión oral y escrita; Gramática; Normativa. Los temas tratados contienen actividades de aprendizaje y de fijación o evaluación 
653 |a Coordinacion 
653 |a Discurso argumentativo 
653 |a Discurso informativo 
653 |a Estilo directo 
653 |a Estilo indirecto 
859 |a CEMS  |b BIB. CEMS - 11 de abril  |h 468  |i K849-1/III  |p 12115.83  |t Ej.1